000 004500000a22001810004500
003 MACL
005 20160102122244.0
008 160102b xxu||||| |||| 00| 0 eng d
040 _aMACL
_cMACL
041 _aEnglish
082 _a616/MOO
100 _aMookerjee, Bhudeb
_926910
245 _aRasa Jala Nidhi
260 _bWith English Translation By The Author
_aCalcutta
350 _a8
650 _aDisearve
_926911
942 _cBK
_k616/Moo
_2ddc
999 _c34558
_d34558